| 000 | 00788nam a22002417a 4500 | ||
|---|---|---|---|
| 999 |
_c11272 _d11272 |
||
| 003 | AR-CdUCM | ||
| 008 | 190403b ||||| |||| 00| 0 spa d | ||
| 040 |
_aMUNICIPALIDAD PROVINCIAL DEL CUSCO _cBIBLIOTECA MUNICIPAL DEL CUSCO |
||
| 041 | _hfre | ||
| 082 |
_a780.4 / _bAU896 / 1946 |
||
| 100 |
_aAubry, Georges Jean _928554 |
||
| 245 | _aLa música y las naciones / | ||
| 260 |
_aBuenos Aires : _bArgos, _c1946. |
||
| 300 |
_a258 páginas ; _c20 cm. |
||
| 505 | _aContenido: Liszt y el nacionalismo musical -- Homenaje a Chopin -- Claude Debussy -- Música de España ... | ||
| 650 |
_aMúsica _91443 |
||
| 650 |
_aEnsayos _9375 |
||
| 650 |
_aConferencias _9376 |
||
| 650 |
_aFrancia _91444 |
||
| 700 |
_aBronstein, Teba (traductor) _928555 |
||
| 942 |
_2ddc _cLIBROS |
||
| 945 | _acmm | ||